US States with just enough Letters: 1 Minute Sprint - Statistics

General Stats
  • This quiz has been taken 3,291 times
  • The average score is 30 of 50
Answer Stats
US State % Correct
Louisiana
85%
CAlifornia
82%
ALASka
81%
ALABama
80%
Hawaii
78%
Florida
77%
NEW York
76%
ARIzona
70%
Georgia
68%
ARKansas
67%
Delaware
66%
NEW Jersey
66%
WAshington
66%
ORegon
65%
NEW Mexico
64%
Rhode island
64%
KAnsas
63%
NEW Hampshire
63%
COLorado
61%
IDaho
61%
IOwa
61%
MAIne
61%
NORTH Dakota
61%
ILlinois
60%
TEXas
60%
INdiana
59%
NORTH Carolina
59%
CONnecticut
58%
MIChigan
57%
MISSIssippi
57%
SOUTH Dakota
57%
Utah
57%
OHio
56%
SOUTH Carolina
56%
WYoming
56%
KEntucky
54%
MINnesota
54%
MOntana
54%
MASsachusetts
53%
MISSOuri
53%
VIrginia
52%
VErmont
51%
WEst virginia
51%
NEVada
49%
Pennsylvania
49%
TENnessee
49%
WIsconsin
49%
MARyland
48%
OKlahoma
48%
NEBraska
47%
No matching quizzes found
Score Distribution
Percent of People with Each Score
Percentile by Number Answered
Your Score History
You have not taken this quiz